000 00433nam a2200181Ia 4500
001 2749
005 20260306144830.0
008 260306t2011||||xx |||||||||||||| ||spa||
041 _aESP
082 _a225
_bP59 2011
100 _aPiñero, Antonio
_eAUT
245 0 _aGuía para entender el nuevo testamento
260 _c2011
300 _a565 páginas :
_c23 cm.
650 _aGEN
654 _aCHU
942 _cLIB
_dJUS
_fJUS
_2ddc
_n
999 _c2749
_d2749